LEADER 01057nam a2200265 u 4500 001 000000081923 003 CaOOAMICUS 005 20070226123816.0 008 050404s1991 mau u000 u eng u 020 $a0674268636 035 $a11037374 040 $aPUL$bita 100 1 $aTaylor, Charles,$d1931-$0(OLS)http://pul/name/53594 245 14$aThe ethics of authenticity /$cCharles Taylor. 260 $aCambridge ;$aLondon :$bHarvard University Press,$cc1991. 300 $a142 p. ;$c22 cm 500 $aInclude indice. 504 $aBibliografia p. [123]-135. 650 4$aEtica sociale.$0(OLS)http://pul/subject/548 850 $aPUL 852 $aPUL$W1$xSL Diritto e Scienze Sociali 3$y79$m320. 01 TAYCH 1$j104438$nBK-PRI$b $qDDC 21$B104438$CPULBib$Z2$F104438 $HPUL97637 $81 941 1 $a9 996 $6020$a0674268636$9(OLS)http://pul/number/108533 996 $6245$aThe ethics of authenticity$9(OLS)http://pul/title/107085 996 $6260$aCambridge ;$aLondon :$bHarvard University Press$9(OLS)http://pul/publisher/76031 LEADER 01124nam a2200265 a 4500 001 000000139049 003 CaOOAMICUS 005 20140627124257.0 008 140627s1969 fr u000 u fre r 040 $aPUL$bita 100 1 $aPerroux, François,$d1903-$0(OLS)http://pul/name/32793 245 10$aFrançois Perroux interroge Herbert Marcuse ... qui répond. 260 $aParis :$bAubier-Montaigne,$c©1969. 300 $a211 p. ;$c18 cm 490 1 $aTiers-Monde et developpement 504 $aBibliografia in nota. 600 14$aMarcuse, Herbert,$d1898-1979$xFilosofia.$0(OLS)http://pul/subject/8704 700 1 $aMarcuse, Herbert,$d1898-1979.$0(OLS)http://pul/name/10739 830 0$aTiers-Monde et developpement.$0(OLS)http://pul/title/176044 850 $aPUL 852 $aPUL$W1$xDP1 Filosofia 1$y19$m590 I 72$j160552$qStampati$B159977$CPULBib$Z2$F159977 $H64166 $82 941 1 $a8 996 $6245$aFrançois Perroux interroge Herbert Marcuse ... qui répond$9(OLS)http://pul/title/176043 996 $6260$aParis :$bAubier-Montaigne$9(OLS)http://pul/publisher/47976